| 000 | 01484nam a2200373 i 4500 | ||
|---|---|---|---|
| 001 | 000036007 | ||
| 003 | DO-SdBNP | ||
| 005 | 20250129091428.0 | ||
| 007 | ta | ||
| 008 | 111122s2002 dr ac 000 0 spa d | ||
| 020 | _a9993487732 | ||
| 040 |
_aDO-SdBNP _bspa _cBNPHU _erda |
||
| 041 | _aspa | ||
| 082 | 4 |
_a709.7293 _bM647m 2002 _222 |
|
| 100 | 1 |
_aMiller, Jeannette, _d1944- _eautor _4aut. _983484 |
|
| 245 | 1 | 0 |
_a1844-2000 arte dominicano escultura, instalaciones, medios no tradicionales y arte vitral / _cJeannette Miller, María Ugarte ; coordinador editorial, José Rafael Lantigua. |
| 246 | 1 | 0 | _aMil ochocientos cuarenta y cuatro al dos mil arte dominicano, medios no tradicionales y arte vitral. |
| 264 | 4 |
_aSanto Domingo : _bEditora CODETEL, _c©2002. |
|
| 300 |
_a397 páginas : _bilstraciones, fotos ; _c28 cm. |
||
| 336 |
_atexto _btxt _2rdacontent |
||
| 337 |
_asin mediación _bn _2rdamedia |
||
| 338 |
_avolumen _bnc _2rdacarrier |
||
| 490 |
_aCultura CODETEL ; _v5 |
||
| 590 | _aInventariado, 2018/LP | ||
| 650 | 4 |
_aArte dominicano _962043 _vSiglo XIX |
|
| 650 | 4 |
_aArte dominicano _xHistoria _y1844-2000 _986405 |
|
| 650 | 4 |
_aArte dominicano _vSiglo XX _986060 |
|
| 650 | 4 |
_aPintura mural _959416 _2LEMB |
|
| 650 | 4 |
_aModernismo ( arte ) _zRepública Dominicana _962044 _2LEMB |
|
| 700 | 1 |
_aUgarte, María _d1914-2011 _4aut. _eautor _924078 |
|
| 700 | 1 |
_aLantigua, Rafael, _4ed. _eeditor _986495 |
|
| 910 | _aValidado. Control de calidad MFF | ||
| 942 |
_2ddc _cLBS1 |
||
| 999 |
_c35498 _d35498 |
||